แสดงรายละเอียดบรรณานุกรม
  กลับหน้าหลัก

Brief Record : Get Marc (ISO 2709) : E-mail record : QR code ปิดหน้าต่าง
LEADER 00000nama 2200000uu 4500
008    040531s2529 th m m a000 0 tha d
041    tha
050    วจ WA20.5 อ526ร 2529
100    อัญชัญ ทองทวี
245    รายงานการวิจัยเรื่อง ความพอใจของประชาชนต่อบริการของรัฐในเขตรับผิดชอบ :กรณ๊ศึกษาเจ้าหน้าที่สาธารรสุขจาก 9 จังหวัดของเขต 5/โดยอัญชัญ ทองทวีและคณะ 400
260    เชียงใหม่ ศูนย์ 2529
300    37 แผ่น
650    บุคลากรสาธารณสุข วิจัย สุขภาพ การบริหาร วิจัยศูนย์อนามัยแม่และเด็ก เขต 5 เชียงใหม่ชื่อเรื่อง
998    1999-02-10
999    ^aใช้งานได้ทุกระบบ
รายการนี้ยังไม่มีแท็ก
คุณยังไม่ได้ล็อกอิน คุณสามารถมีกิจกรรมร่วมกับเว็บไซต์ได้ แต่ต้องล็อกอินก่อน ::
  ล็อกอิน
ลำดับที่ ประเภท เลขเรียก สถานที่ สถานะ
1. งานวิจัย
งานวิจัย
วจ WA20.5 อ526ร 2529  
  
ชั้นหนังสือวิจัย On Shelf
  ขอยืม
   [แสดง 1/1 รายการ]

BibComment


ยังไม่เคยถูกคอมเมนท์

คอมเมนท์ทรัพยากรรายการนี้
  คอมเมนท์: รายงานการวิจัยเรื..
Bib 184974

 
 
 

 Union Library Management : ULibM
Copyright 2026. All Rights Reserved.
скачать бесплатно без регистрации порно красивый секс HD Sex Hindi sex

xxx gou

xxxx

bfxxx

xxxwww

Секса Видео

xxxx

Секса Видео

detube

geilexxx

C99 Shell

worms shell

blod xxx video
Ebony Coed Rihanna Rimes Takes A Dick In Her Young Twat priyaa indian fuck anal and pusssy hardcore indian women xxx desi hardcore fucking part 1 bengalixxxcouple